00768nam a2200205 a 450000100100000000500170001000800410002702000150006804000250008308200150010824501200012326000480024330000270029144000330031850000390035183000330039004900090042395201130043299900170054500002329420200930022123.0101201s2004 ag a r 000 | spa d a9879350138 aDO-SdBNPbspacBNPHU axxxbC336f13aEl futuro bibliotecario :bhacia una renovación del ideal humanista en la tarea bibliotecaria /cRoberto Casazza. aBuenos Aires :bBiblioteca Nacional,c2004. a99 p. :ail. ;c20 cm. 0aEnsayos y Debates,v1927400 aIncluye noatas al pie de páginas 0aEnsayos y Debates,v1927400 aBNGR 001050718MOaGRbGRcCTd2010-12-01iLF1l0oxxx C336fp23294-10r2020-06-25w2020-06-25y1ZNo se presta c22791d22791